Món ăn mùa xuân
Nội dung sách giới thiệu về các món ăn cùng với các nguyên liệu và hướng dẫn cách thức nấu các món ăn phù hợp với mùa xuân
Salvato in:
| Natura: | Libro |
|---|---|
| Lingua: | Undetermined |
| Pubblicazione: |
Hà Nội
Lao động - Xã hội
2010
|
| Soggetti: | |
| Tags: |
Aggiungi Tag
Nessun Tag, puoi essere il primo ad aggiungerne! !
|
| Thư viện lưu trữ: | Trung tâm Học liệu Trường Đại học Cần Thơ |
|---|
| LEADER | 00717nam a2200193Ia 4500 | ||
|---|---|---|---|
| 001 | CTU_160702 | ||
| 008 | 210402s9999 xx 000 0 und d | ||
| 020 | |c 39000 | ||
| 082 | |a 641.564 | ||
| 082 | |b M429 | ||
| 245 | 0 | |a Món ăn mùa xuân | |
| 245 | 0 | |c Bình Minh (Biên soạn) | |
| 260 | |a Hà Nội | ||
| 260 | |b Lao động - Xã hội | ||
| 260 | |c 2010 | ||
| 520 | |a Nội dung sách giới thiệu về các món ăn cùng với các nguyên liệu và hướng dẫn cách thức nấu các món ăn phù hợp với mùa xuân | ||
| 650 | |a Cooking,Nấu ăn | ||
| 904 | |i A.Thơ,Qhieu | ||
| 980 | |a Trung tâm Học liệu Trường Đại học Cần Thơ | ||